00775nam a2200205 i 4500003000900000005001700009007000300026008004100029040003000070082000700100110008300107245018500190264004100375300002700416336002700443337003300470338002800503500001000531504002800541DO-SdBNP20240116123455.0ta240116b1917 dr ||||| |||| 00| 0 spa d aDO-SdBNPbspacBNPHUerda 42222 aUniversidad Central de Santo DomingobFacultad de Farmacia Ciencia Químicas10aExiste algún signo para el conocimiento de la toxicidad de los hongos agaricáceos? :btesis para el doctorado en farmacia y ciencias químicas /cDomingo A. Rodríguez Castro aSanto Domingo :bEl Progreso,c1917. a23 páginas ;c23 cm. 2rdacontentatextobtxt 2rdamediaasin mediaciónbn 2rdacarrieravolumenbnc aTesis aBibliografía : p. 23